000 00405pab a2200157 454500
008 180718b2003 xxu||||| |||| 00| 0 eng d
100 _aSriraman, S.
245 _aRailway budget 2003-04: some steps back, a few forward
260 _c2003
300 _ap.1019-020.
362 _a15 Mar
650 _aRailways - India
650 _aRailways
773 _aEconomic and Political Weekly
909 _a55802
999 _c55802
_d55802